=LDR 00000nam 2200000 4500 =001 001167 =005 20250710115516 =035 ##$$a 0010-0725000054 =007 ta =008 250710################a##########0#ind## =082 ##$$a 398.209 598 =245 ##$$a Matahari Mandi di Sungai /$c Na Khamheuang =250 ##$$a pertama =260 ##$$a Jakarta Timur :$b Badan Pengembangan dan Pembinaan Bahasa,$c 2022 =300 ##$$a 20hlm. : $b ilus. ; $c 22,9cm =856 ##$$a TBM AS-SYUHADA